Before and After VII Quiz Stats

 Plays Quiz not verified by Sporcle

Challenge
Share
Tweet
Embed
Score 0/20 Timer 06:00
0 Plays Today
Before Answer % Correct
Francis Ford Coppola film starring Martin SheenApocalypse Now That's What I Call Music
60%
1982 Alice Walker novelThe Color Purple Haze
46.7%
'Stacy's Mom' bandFountains of Wayne Brady
40%
P.T. Anderson film starring Daniel Day-LewisThere Will Be Blood Pudding
40%
Internet meme featuring a Pop-Tart bodied felineNyan Cat on a Hot Tin Roof
26.7%
Vegetable-themed Christmas toy hit of the 1980sCabbage Patch Kids in the Hall
20%
'December, 1963' bandThe Four Seasons in the Abyss
13.3%
1965 The Lovin' Spoonful hitDo You Believe In Magic Mountain
13.3%
1995 Noah Baumbach film about four disillusioned recent college graduatesKicking and Screaming Jay Hawkins
13.3%
Sydney Pollack film starring Meryl Streep and Robert RedfordOut of Africa Bambaataa
13.3%
Before Answer % Correct
Movie believed to contain an actual ghost in the background of one of its scenesThree Men and a Baby Got Back
13.3%
James Joyce's final novelFinnegan's Wake Boarding
13.3%
1963 Kurt Vonnegut novelCat's Cradle of Filth
13.3%
Whit Stillman film starring Chloƫ Sevigny and Kate BeckinsaleThe Last Days of Disco Inferno
6.7%
Monthly video game magazine dealing with Mario, Link, Star Fox, etc.Nintendo Power to the People
6.7%
1981 Loverboy hitEverbody's Working for the Weekend at Bernies
0%
NBC soap opera with almost 12,000 episodesDays of Our Lives of the Noble Greeks and Romans
0%
Kanigher/Kubert created DC comics character that inspired a 1980 XTC hitSgt. Rock of Ages
0%
'From Enslavement to Obliteration' bandNapalm Death in Venice
0%
'Reinventing Axl Rose' bandAgainst Me! Talk Pretty One Day
0%

You're not logged in!

Compare scores with friends on all Sporcle quizzes.
OR
Log In

You Might Also Like...

Show Comments

Extras

Created Apr 23, 2012ReportNominate
Tags:before, vii

Top Quizzes Today


Score Distribution

Your Account Isn't Verified!

In order to create a playlist on Sporcle, you need to verify the email address you used during registration. Go to your Sporcle Settings to finish the process.

Report this User

Report this user for behavior that violates our Community Guidelines.

Details: